000 00974nam a2200265 i 4500
001 45804
003 ES-MaACL
005 20250918195056.0
007 t|
008 030327s1974 sp |||| |dspa d
100 1 _aColliard, Jean-Claude.
_939705
245 1 4 _aLos republicanos independientes
_b: Valéry Giscard d'Estaing /
_cJean-Claude Colliard ; prólogo de maurice Duverger, [traducción de Dario Giménez de Cisneros].
250 _a1ª ed.
260 _a[Barcelona] :
_bDopesa,
_c[1974]
300 _a375 p. ;
_c20 cm.
490 1 _aDossier mundo ;
_v2
600 0 4 _aGiscard d'Estaing, Valéry.
_957339
610 2 4 _aFédération nationale des républicains indépendants.
_9169002
651 4 _aFrancia-
_xHistoria-
_y1958-, V República.
_9169317
700 1 _aDuverger, Maurice,
_d1917-2014
_946383
700 1 _aGiménez de Cisneros, Dario.
_957043
830 0 _aDossier mundo ;
_v2
_9229953
852 _aES-MaACL
_jE-6133
999 _c45804
_d45804